000 03529cgm a2200781Ia 4500
003 OCoLC
005 20241220113024.0
007 vd cvaizm
008 990519s1999 xxu114 g vleng d
001 ocm41391204
019 _a47104041
_a48611359
020 _a0790744414
020 _a9780790744414
024 1 _a012569506923
028 4 0 _a65069
_bWarner Home Video
035 _a(Sirsi) i9780790744414
035 _a(OCoLC)41391204
_z(OCoLC)47104041
_z(OCoLC)48611359
040 _aBKC
_cBKC
_dFAU
_dIBI
_dOCLCQ
_dLVL
_dRLS
_dLEO
_dVP@
_dXFF
_dOCLCQ
_dEMU
_dOCLCQ
_dRCS
_dBTCTA
_dWAU
_dUINTA
041 1 _aeng
_afre
_beng
_bfre
043 _ae-fr---
049 _aUCLB
050 4 _aPN1995.9.M86
_bA543 1999
082 0 4 _a791.43/72
_222
082 _a791.437
092 _a791.437
130 0 _aAmerican in Paris (Motion picture)
_958532
245 1 3 _aAn American in Paris
_h[videorecording] /
_cMetro-Goldwyn-Mayer ; story and screenplay by Alan Jay Lerner ; produced by Arthur Freed ; directed by Vincente Minnelli.
246 1 _iParallel title from optional subtitles:
_aAméricain à Paris
260 _a[S.l.] :
_bTurner Entertainment :
_bWarner Home Video [Distributor],
_c[1999]
300 _a1 videodisc (114 min.) :
_bsd., col. ;
_c4 3/4 in.
538 _aDVD; Dolby Digital mono; standard format (1.33:1); NTSC; region 1.
546 _aIn English with optional soundtrack in French; optional subtitles in English or French; closed-captioned in English for the hearing impaired.
511 1 _aGene Kelly, Leslie Caron, Oscar Levant, Georges Guetary, Nina Foch.
508 _aDirector of photography, Alfred Gilks, John Alton (ballet) ; editor, Adrienne Fazan ; lyrics by Ira Gershwin ; music by George Gershwin ; choreography by Gene Kelly.
500 _aOriginally released as motion picture in 1951.
500 _aSpecial features: theatrical trailer.
520 _aPresents the romantic adventures of a carefree young artist in post-WWII Paris.
586 8 _aAcademy Award (1951): Best art direction, Best cinematograpy, Best costume design, Best music, Best picture, Best writing.
521 8 _aNot rated by MPAA.
650 0 _aAmericans
_zFrance
_zParis
_vDrama.
_96435151
650 0 _aMan-woman relationships
_vDrama.
_95673977
651 0 _aParis (France)
_vDrama.
_95756540
650 4 _aAmericans
_zFrance
_zParis
_vDrama.
_96435151
650 4 _aMan-woman relationship
_vDrama.
_95709377
651 4 _aParis (France)
_vDrama.
_95756540
655 0 _aMusical films.
_9102735
655 0 _aFeature films.
_96127387
655 0 _aFeature films
_zUnited States.
_95702540
655 0 _aVideo recordings for the hearing impaired.
_96127388
655 7 _aVideos (DVD)
_2local
_95827309
700 1 _aMinnelli, Vincente.
_4drt
_99026
700 1 _aFreed, Arthur,
_d1894-1973.
_4pro
_921879
700 1 _aLerner, Alan Jay,
_d1918-1986.
_4aus
_93857
700 1 _aGershwin, Ira,
_d1896-1983.
_4lyr
_94148
700 1 _aGershwin, George,
_d1898-1937.
_4cmp
_96127389
700 1 _aKelly, Gene,
_d1912-1996.
_4act
_4chr.
_93760
700 1 _aCaron, Leslie.
_4act
_915954
700 1 _aLevant, Oscar,
_d1906-1972.
_4act
_959410
700 1 _aGuétary, Georges.
_4act
_912257
700 1 _aGershwin, George,
_d1898-1937.
_tAmerican in Paris.
_960137
710 2 _aMetro-Goldwyn-Mayer.
_911252
710 2 _aTurner Entertainment Co.
_930588
710 2 _aWarner Home Video (Firm)
_961103
938 _aBaker and Taylor
_bBTCP
_nbe2002003388
942 _cDVD
_086
994 _aC0
_bUINTA
998 _aa57771
999 _c27532
_d27532